| 000 | 01232nam a22003255a 4500 | ||
|---|---|---|---|
| 003 | EG-ScBUE | ||
| 005 | 20211205101226.0 | ||
| 008 | 120828s1993 ua f b 000 f eara d | ||
| 017 | _a1993 / 4155 | ||
| 020 | _a9770133442 | ||
| 040 |
_aEG-ScBUE _bara _erda _cEG-ScBUE _dEG-ScBUE |
||
| 043 | _af-ua--- | ||
| 082 | 0 | 2 |
_a892.73009962 _bب د و _222 |
| 100 | 1 |
_aبدوي، محمد، _eمؤلف. |
|
| 245 | 1 | 2 |
_aالرواية الحديثة في مصر : _bدراسة في التشكيل والايديولوجيا / _cمحمد بدوي. |
| 264 | 1 |
_aالقاهرة : _bالهيئة المصرية العامة للكتاب، _c1993. |
|
| 300 |
_a318 صفحة ؛ _c24 سم. |
||
| 336 |
_2rdacontent _aنص _btxt |
||
| 337 |
_2rdamedia _aبدون وسيط _bn |
||
| 338 |
_2rdacarrier _aمجلد _bnc |
||
| 490 | 0 | _aدراسات أدبية | |
| 504 | _aيشتمل على إرجاعات ببليوجرافية. | ||
| 590 | _adoaa mohamed | ||
| 650 | 7 |
_aالقصة العربية _zمصر _xتاريخ ونقد. _2BUEsh |
|
| 650 | 7 |
_aالقصة العربية _xتاريخ _yالعصر الحديث. _2BUEsh |
|
| 651 | _2BUEsh | ||
| 653 |
_bARALIT _cAugust2015 |
||
| 655 |
_vReading book _934232 |
||
| 942 |
_cBB _2ddc |
||
| 999 |
_c5670 _d5670 |
||